000 00442pab a2200157 454500
008 180718b2010 xxu||||| |||| 00| 0 eng d
100 _aRotfeld, Herbert Jack
245 _aA pessimist's simplistic historical perspective on the fourth wave of consumer projection
260 _c2010
300 _ap.423-429.
362 _aSummer
650 _aConsumer protection
773 _aJournal of Consumer Affairs
908 _aN
909 _a90022
999 _c90022
_d90022